DESIGN AND DEVELOPMENT OF ROBOTIC ANKLE FOOT ORTHOSIS (Record no. 12713)
[ view plain ]
| 000 -LEADER | |
|---|---|
| fixed length control field | 00460nam a22001337a 4500 |
| 082 ## - DEWEY DECIMAL CLASSIFICATION NUMBER | |
| Classification number | BEE-5 ABD |
| 100 ## - MAIN ENTRY--PERSONAL NAME | |
| Personal name | Abdul Ahad Ashfaq |
| 9 (RLIN) | 93055 |
| 245 ## - TITLE STATEMENT | |
| Title | DESIGN AND DEVELOPMENT OF ROBOTIC ANKLE FOOT ORTHOSIS |
| 260 ## - PUBLICATION, DISTRIBUTION, ETC. | |
| Place of publication, distribution, etc. | islamabad |
| Name of publisher, distributor, etc. | NUST School of Electrical Engineering and Computer Science |
| Date of publication, distribution, etc. | 2013 |
| 300 ## - PHYSICAL DESCRIPTION | |
| Extent | 76p. : |
| Accompanying material | CD-ROM |
| 500 ## - GENERAL NOTE | |
| General note | Supervisor: Dr. Yasir Ayaz |
| 856 ## - ELECTRONIC LOCATION AND ACCESS | |
| Uniform Resource Identifier | <a href="http://10.250.8.41:8080/xmlui/handle/123456789/10090">http://10.250.8.41:8080/xmlui/handle/123456789/10090</a> |
| 942 ## - ADDED ENTRY ELEMENTS (KOHA) | |
| Koha item type | Project Report |
| Source of classification or shelving scheme | |
| Withdrawn status | Lost status | Damaged status | Not for loan | Collection code | Permanent Location | Current Location | Shelving location | Date acquired | Full call number | Barcode | Date last seen | Price effective from | Koha item type |
|---|---|---|---|---|---|---|---|---|---|---|---|---|---|
| WITHDRAWN | Central Library (CL) | Central Library (CL) | General Stacks | 02/12/2014 | BEE-5 ABD | SEECSP01332 | 02/12/2014 | 02/12/2014 | Project Report |
